[Event "KIA is it really a store?  #4"]
[Site "SchemingMind.com"]
[Date "2007.05.08"]
[Round "-"]
[White "martin_"]
[Black "Araki"]
[Result "0-1"]
[WhiteCountry "GER"]
[BlackCountry "PER"]
[WhiteElo "1297"]
[WhiteRD "56"]
[BlackElo "1622"]
[BlackRD "82"]
[GameID "104023"]

1. Nf3 d5 2. g3 c5 3. Bg2 Nc6 4. O-O e5 5. d3 Bd6 6. e4 d4 7. Bg5 f6 8. Bd2 Bg4 9. Na3 a6 10. Nc4 b5
11. Nxd6+ Qxd6 12. c3 Nge7 13. Rc1 O-O 14. cxd4 exd4 15. Bf4 Ne5 16. h3 Bxf3 17. Bxf3 g5 18. Bd2 Ra7 19. Bg2 Kg7 20. f4 gxf4
21. Bxf4 N7g6 22. a3 Nxf4 23. gxf4 Ng6 24. Qg4 Kh8
0-1

[Event "KIA is it really a store?  #4"]
[Site "SchemingMind.com"]
[Date "2007.05.07"]
[Round "-"]
[White "Araki"]
[Black "martin_"]
[Result "1-0"]
[WhiteCountry "PER"]
[BlackCountry "GER"]
[WhiteElo "1622"]
[WhiteRD "82"]
[BlackElo "1297"]
[BlackRD "56"]
[GameID "104024"]

1. Nf3 d5 2. g3 g6 3. Bg2 Bg7 4. d4 Nf6 5. O-O O-O 6. Nc3 Nc6 7. Re1 Re8 8. e4 dxe4 9. Nxe4 Nxe4 10. Rxe4 Bf5
11. Rf4 e5 12. Rh4 e4 13. Ng5 Nxd4 14. Nxh7 Nf3+ 15. Bxf3 exf3 16. Qxf3 Re1+ 17. Kg2 Bh6 18. Rxh6 Be4 19. Bg5 Bxf3+ 20. Kxf3 Qd5+
21. Kg4 Qf5+ 22. Kh4 Re4+ 23. f4 Re2 24. Nf6+ Kg7 25. Rh7+
1-0

[Event "KIA is it really a store?  #4"]
[Site "SchemingMind.com"]
[Date "2007.05.08"]
[Round "-"]
[White "cnbcad"]
[Black "Araki"]
[Result "0-1"]
[WhiteCountry "USA"]
[BlackCountry "PER"]
[WhiteElo "1507"]
[WhiteRD "51"]
[BlackElo "1622"]
[BlackRD "82"]
[GameID "104040"]

1. Nf3 d5 2. g3 c5 3. Bg2 Nc6 4. O-O e5 5. Nc3 Be6 6. d3 Bd6 7. Ng5 Bf5 8. Nxd5 f6 9. Nf3 Nge7 10. Nxe7 Qxe7
11. b3 Nd4 12. e3 Ne6 13. e4 Bg4 14. h3 Bh5 15. c4 O-O 16. Qd2 Nd4 17. Nxd4 cxd4 18. a4 a5 19. Bb2 Bb4 20. Qc1 Rac8
21. Kh2 h6 22. g4 Bf7 23. Ba3 g5 24. Bxb4 Qxb4 25. Rb1 h5 26. gxh5 Bxh5 27. f3 Rfd8 28. Qe1 Bg6 29. Qg3 Kf7 30. h4 Qd2
31. Rfd1 Qf4 32. Bh3 Qxg3+ 33. Kxg3 gxh4+ 34. Kh2 Rc7 35. Rg1 Rg8
0-1

[Event "KIA is it really a store?  #4"]
[Site "SchemingMind.com"]
[Date "2007.05.08"]
[Round "-"]
[White "cnbcad"]
[Black "martin_"]
[Result "0-1"]
[WhiteCountry "USA"]
[BlackCountry "GER"]
[WhiteElo "1565"]
[WhiteRD "51"]
[BlackElo "1560"]
[BlackRD "66"]
[GameID "104041"]

1. Nf3 d5 2. g3 g6 3. Bg2 Nf6 4. d3 Bg7 5. Bg5 O-O 6. Qd2 Re8 7. Bh6 Bh8 8. Nc3 Nc6 9. Ng5 e5 10. O-O Ng4
11. Nxf7 Kxf7 12. Bxd5+ Be6 13. Bxe6+ Rxe6 14. Bg5 Qd7 15. e4 Nd4 16. Qf4+ exf4 17. Bxf4 Nxc2 18. Rad1 Bd4
0-1

[Event "KIA is it really a store?  #4"]
[Site "SchemingMind.com"]
[Date "2007.05.07"]
[Round "-"]
[White "Araki"]
[Black "cnbcad"]
[Result "1-0"]
[WhiteCountry "PER"]
[BlackCountry "USA"]
[WhiteElo "1622"]
[WhiteRD "82"]
[BlackElo "1507"]
[BlackRD "51"]
[GameID "104042"]

1. Nf3 d5 2. g3 b6 3. Bg2 Bb7 4. d4 e6 5. O-O h5 6. b3 Nc6 7. c4 Be7 8. a3 dxc4 9. bxc4 h4 10. Nc3 h3
11. Bh1 g5 12. d5 exd5 13. cxd5 Na5 14. e4 g4 15. Nd4 Nc4 16. Qb3 Ne5 17. f4 Nf3+ 18. Nxf3 gxf3 19. Bxf3 Qd7 20. f5 Bf6
21. Bb2 O-O-O 22. Rfe1 Nh6 23. Nb5 Bxb2 24. Qxb2 Kb8 25. Rac1 Rc8 26. Rc3 Ba6 27. Be2 Bxb5 28. Bxb5 Qe7 29. a4 Ng4 30. a5 Qe5
31. axb6 Qd4+ 32. Kf1 Nxh2+ 33. Qxh2 Qxc3 34. bxa7+ Kxa7 35. Rb1 Qf3+ 36. Kg1 Qe3+ 37. Kf1 Rcg8 38. Qa2+
1-0

[Event "KIA is it really a store?  #4"]
[Site "SchemingMind.com"]
[Date "2007.05.07"]
[Round "-"]
[White "martin_"]
[Black "cnbcad"]
[Result "0-1"]
[WhiteCountry "GER"]
[BlackCountry "USA"]
[WhiteElo "1560"]
[WhiteRD "66"]
[BlackElo "1565"]
[BlackRD "51"]
[GameID "104043"]

1. Nf3 d5 2. g3 b6 3. Bg2 Bb7 4. O-O e6 5. d4 Nf6 6. Bf4 Bd6 7. Qd2 Ne4 8. Qd3 Bxf4 9. gxf4 Ba6 10. Qa3 Bxe2
11. Re1 Bxf3 12. Bxf3 Qh4 13. Bxe4 dxe4 14. Rxe4 Nd7 15. Nc3 Nf6 16. Re3 Ng4 17. Qa4+ Kd8
0-1

[Event "KIA is it really a store?  #4"]
[Site "SchemingMind.com"]
[Date "2007.05.08"]
[Round "-"]
[White "nimzoking"]
[Black "cnbcad"]
[Result "1-0"]
[WhiteCountry "ENG"]
[BlackCountry "USA"]
[WhiteElo "2027"]
[WhiteRD "88"]
[BlackElo "1565"]
[BlackRD "51"]
[GameID "104177"]

1. Nf3 d5 2. g3 b6 3. Bg2 Bb7 4. d3 e6 5. O-O Nc6 6. Nbd2 Qd7 7. c3 Nf6 8. Re1 Ne7 9. Qc2 Nf5 10. e4 dxe4
11. Nxe4 Nxe4 12. dxe4 Nd6 13. e5 Nc4 14. Rd1 Qb5 15. b3 Nxe5 16. a4 Qc6 17. Ne1 Qc5 18. Bxb7 Rb8 19. Nd3 Nxd3 20. Qxd3 Be7
21. Ba3 Qa5 22. Qd7+
1-0

[Event "KIA is it really a store?  #4"]
[Site "SchemingMind.com"]
[Date "2007.05.07"]
[Round "-"]
[White "nimzoking"]
[Black "Araki"]
[Result "1-0"]
[WhiteCountry "ENG"]
[BlackCountry "PER"]
[WhiteElo "2027"]
[WhiteRD "88"]
[BlackElo "1586"]
[BlackRD "85"]
[GameID "104178"]

1. Nf3 d5 2. g3 c5 3. Bg2 Nc6 4. O-O e5 5. d3 Nf6 6. Nbd2 Bd6 7. e4 O-O 8. exd5 Nxd5 9. Nc4 b5 10. Nxd6 Qxd6
11. Re1 Bg4 12. Qd2 f5 13. c3 Rae8 14. Nh4 Nb6 15. h3 Bh5 16. Qg5 g6 17. g4 fxg4 18. hxg4 Bxg4 19. Qxg4 Nd5 20. Bxd5+ Kg7
21. Be4 Ne7 22. Be3 a5 23. Qg5 Qf6 24. Qxf6+ Rxf6 25. Bxc5 Rf4 26. Nf3 Nf5 27. Bc6 Rg4+ 28. Kf1 Re6 29. Bxb5 h5 30. Rxe5 Rxe5
31. Nxe5 Rh4 32. Re1 g5 33. Nf3 Rg4 34. Re4 Rxe4 35. dxe4
1-0

[Event "KIA is it really a store?  #4"]
[Site "SchemingMind.com"]
[Date "2007.05.08"]
[Round "-"]
[White "nimzoking"]
[Black "martin_"]
[Result "1-0"]
[WhiteCountry "ENG"]
[BlackCountry "GER"]
[WhiteElo "2076"]
[WhiteRD "86"]
[BlackElo "1297"]
[BlackRD "56"]
[GameID "104179"]

1. Nf3 d5 2. g3 g6 3. Bg2 Bg7 4. O-O Nf6 5. d3 O-O 6. Re1 Nc6 7. Nbd2 e5 8. c3 Re8 9. e4 d4 10. cxd4 Nxd4
11. Nxd4 Qxd4 12. Qc2 c6 13. Nb3 Qd6 14. Be3 Bg4 15. Rac1 b6 16. d4 exd4 17. Bxd4 Qe6 18. f3 Bh3 19. Qxc6 Bxg2 20. Qxe6 Rxe6
21. Kxg2
1-0

[Event "KIA is it really a store?  #4"]
[Site "SchemingMind.com"]
[Date "2007.05.08"]
[Round "-"]
[White "cnbcad"]
[Black "nimzoking"]
[Result "0-1"]
[WhiteCountry "USA"]
[BlackCountry "ENG"]
[WhiteElo "1565"]
[WhiteRD "51"]
[BlackElo "2027"]
[BlackRD "88"]
[GameID "104180"]

1. Nf3 d5 2. g3 Nf6 3. Bg2 c6 4. d4 Bf5 5. b3 e6 6. Bg5 Be7 7. Nbd2 Nbd7 8. c4 h6 9. Bxf6 Bxf6 10. c5 O-O
11. O-O b6 12. b4 b5 13. a4 a5 14. axb5 cxb5 15. Rxa5 Rxa5 16. bxa5 Qxa5 17. Nb3 Qc3 18. Nbd2 Ra8 19. Qb3 Bxd4 20. Nxd4 Qxd4
21. c6 Nf6 22. Qxb5 Qxd2 23. c7 Rc8 24. Qb8 e5 25. Ra1 Qc3 26. Ra7 Qe1+ 27. Bf1 Ng4
0-1

[Event "KIA is it really a store?  #4"]
[Site "SchemingMind.com"]
[Date "2007.05.07"]
[Round "-"]
[White "Araki"]
[Black "nimzoking"]
[Result "0-1"]
[WhiteCountry "PER"]
[BlackCountry "ENG"]
[WhiteElo "1559"]
[WhiteRD "87"]
[BlackElo "2046"]
[BlackRD "87"]
[GameID "104181"]

1. Nf3 d5 2. g3 Nf6 3. Bg2 Bf5 4. O-O e6 5. d3 Be7 6. c4 c6 7. Nd4 Bg6 8. Nc3 O-O 9. cxd5 cxd5 10. Nc2 Nbd7
11. e4 dxe4 12. Bxe4 Nxe4 13. dxe4 Bf6 14. Re1 Ne5 15. Qxd8 Nf3+ 16. Kf1 Rfxd8 17. Re3 Nxh2+ 18. Kg2 Ng4 19. Re1 Bxc3 20. bxc3 Rac8
21. Nb4 Rxc3 22. Bf4 e5 23. Nd5 Bxe4+ 24. Rxe4 Rxd5 25. Rc1 Rxc1 26. Bxc1 f5 27. Rc4 Rd7 28. f3 Nf6 29. Bg5 Kf7 30. a4 b6
31. Bxf6 Kxf6 32. f4 exf4 33. gxf4 Ke6 34. a5 bxa5 35. Rc5 a4 36. Ra5 Rd4 37. Rxa7 Rxf4 38. Rxg7 Rg4+
0-1

[Event "KIA is it really a store?  #4"]
[Site "SchemingMind.com"]
[Date "2007.05.08"]
[Round "-"]
[White "martin_"]
[Black "nimzoking"]
[Result "0-1"]
[WhiteCountry "GER"]
[BlackCountry "ENG"]
[WhiteElo "1560"]
[WhiteRD "66"]
[BlackElo "2027"]
[BlackRD "88"]
[GameID "104182"]

1. Nf3 d5 2. g3 Nf6 3. Bg2 Bf5 4. O-O e6 5. d4 c5 6. e3 cxd4 7. exd4 Nc6 8. Nc3 Be7 9. Re1 O-O 10. Ne5 Nxe5
11. dxe5 Nd7 12. Bf4 Rc8 13. Rc1 Bb4 14. Qd4 Qa5 15. Bd2 Rc4 16. Qe3 d4
0-1

[Event "KIA is it really a store?  #4"]
[Site "SchemingMind.com"]
[Date "2007.05.08"]
[Round "-"]
[White "trashy"]
[Black "cnbcad"]
[Result "1-0"]
[WhiteCountry "POR"]
[BlackCountry "USA"]
[WhiteElo "2028"]
[WhiteRD "96"]
[BlackElo "1565"]
[BlackRD "51"]
[GameID "104261"]

1. Nf3 d5 2. g3 Nc6 3. d4 Bg4 4. Bg2 Bxf3 5. Bxf3 e5 6. dxe5 Nxe5 7. Qxd5 Nxf3+ 8. Qxf3 Nf6 9. Qxb7 Bd6 10. Qc6+ Nd7
11. O-O O-O 12. Nc3 Ne5 13. Qa4 Nd7 14. Be3 Nb6 15. Qg4 Re8 16. Rad1 Qf6 17. Bd4 Be5 18. Bxe5 Qxe5 19. Rd3 Qc5 20. Rfd1 h6
21. Ne4 Nc4 22. Nxc5
1-0

[Event "KIA is it really a store?  #4"]
[Site "SchemingMind.com"]
[Date "2007.05.08"]
[Round "-"]
[White "trashy"]
[Black "Araki"]
[Result "1-0"]
[WhiteCountry "POR"]
[BlackCountry "PER"]
[WhiteElo "2043"]
[WhiteRD "99"]
[BlackElo "1622"]
[BlackRD "82"]
[GameID "104262"]

1. Nf3 d5 2. g3 c5 3. d4 e6 4. Bg2 Nc6 5. c3 Nf6 6. O-O Bd6 7. a4 a6 8. Na3 cxd4 9. cxd4 O-O 10. b3 b5
11. Bb2 Bxa3 12. Bxa3 b4 13. Bb2 a5 14. Rc1 Bb7 15. Ne1 Ne7 16. Nd3 Rc8 17. Nc5 Qc7 18. Nxe6 Qd6 19. Nxf8 Kxf8 20. Bh3 Rxc1
21. Bxc1 Ne4 22. Bf4 Qc6 23. Qc1 Ba6 24. Re1 Nc3 25. Bg4 f5 26. Bf3 h6 27. Bd2 g5 28. Bxc3 bxc3 29. Qa3 Kf7 30. Rc1 g4
31. Bg2 Bxe2 32. Qa1 c2 33. Bf1 Bd1 34. Qb2 h5 35. Bd3 Ng6 36. Bxf5 Kf6 37. Bxc2 Bxc2 38. Qxc2 Qxc2 39. Rxc2 Kf5 40. Rc5 Ke4
41. Rxa5 Kxd4 42. Rb5 Ne5 43. a5 Ke4 44. a6 Nc6 45. Rb7 d4 46. a7 Nxa7 47. Rxa7
1-0

[Event "KIA is it really a store?  #4"]
[Site "SchemingMind.com"]
[Date "2007.05.08"]
[Round "-"]
[White "trashy"]
[Black "nimzoking"]
[Result "1/2-1/2"]
[WhiteCountry "POR"]
[BlackCountry "ENG"]
[WhiteElo "2043"]
[WhiteRD "99"]
[BlackElo "2076"]
[BlackRD "86"]
[GameID "104263"]

1. Nf3 d5 2. g3 Nf6 3. d4 Bf5 4. Bg2 e6 5. c4 c6 6. Qb3 Qc8 7. Nc3 Nbd7 8. cxd5 cxd5 9. Bf4 Nh5 10. Be3 Nhf6
11. Rc1 Qd8 12. Nb5 Rc8 13. Rxc8 Qxc8 14. Nxa7 Qa8 15. Nb5 Qd8 16. O-O Be7 17. Rc1 O-O 18. Nd2 h6 19. Bf4 Qa5 20. a3 Nh5
21. Be3 Nhf6 22. Nf3 Qa8 23. Bf4 Rc8 24. Qd1 Nb6 25. Rxc8+ Qxc8 26. Ne5 g5 27. Bd2 Nfd7 28. Nxd7 Qxd7 29. a4 Qc6 30. e3 Bc2=
1/2-1/2

[Event "KIA is it really a store?  #4"]
[Site "SchemingMind.com"]
[Date "2007.05.08"]
[Round "-"]
[White "trashy"]
[Black "martin_"]
[Result "1-0"]
[WhiteCountry "POR"]
[BlackCountry "GER"]
[WhiteElo "2028"]
[WhiteRD "96"]
[BlackElo "1560"]
[BlackRD "66"]
[GameID "104264"]

1. Nf3 d5 2. g3 g6 3. Bg2 Bg7 4. d4 Nf6 5. c4 c6 6. Nc3 O-O 7. cxd5 Nxd5 8. e4 Nxc3 9. bxc3 Bg4 10. Be3 Nd7
11. Qd2 Re8 12. O-O Nb6 13. Bh6 Bxh6 14. Qxh6 Nc4 15. Ng5
1-0

[Event "KIA is it really a store?  #4"]
[Site "SchemingMind.com"]
[Date "2007.05.08"]
[Round "-"]
[White "cnbcad"]
[Black "trashy"]
[Result "0-1"]
[WhiteCountry "USA"]
[BlackCountry "POR"]
[WhiteElo "1536"]
[WhiteRD "56"]
[BlackElo "2039"]
[BlackRD "98"]
[GameID "104265"]

1. Nf3 d5 2. g3 Nf6 3. Bg2 e6 4. d3 Be7 5. Nbd2 O-O 6. b3 c5 7. Bb2 Nc6 8. c4 d4 9. O-O Re8 10. a3 e5
11. a4 Be6 12. Ba3 Nd7 13. Ne4 f5 14. Bh3 g6 15. Bc1 Kh8 16. Neg5 Bg8 17. Kg2 Bf6 18. g4 e4 19. dxe4 fxe4 20. Nh4 Bxg5
21. Bxg5 Qxg5 22. Kg3 Nf6 23. f4 Nh5+ 24. Kg2 Nxf4+ 25. Kg3 Nxh3 26. Kxh3 Ne5 27. Rf5 Qxg4#
0-1

[Event "KIA is it really a store?  #4"]
[Site "SchemingMind.com"]
[Date "2007.05.08"]
[Round "-"]
[White "Araki"]
[Black "trashy"]
[Result "0-1"]
[WhiteCountry "PER"]
[BlackCountry "POR"]
[WhiteElo "1627"]
[WhiteRD "86"]
[BlackElo "2074"]
[BlackRD "98"]
[GameID "104266"]

1. Nf3 d5 2. g3 Nf6 3. Bg2 e6 4. O-O c5 5. d4 Nc6 6. Bg5 Be7 7. a3 O-O 8. Re1 Bd7 9. Nc3 Rc8 10. e3 h6
11. Bf4 a6 12. Ne2 b5 13. c3 Qb6 14. Ne5 Rfd8 15. b4 cxd4 16. cxd4 Be8 17. Rc1 Nxe5 18. Bxe5 Rc4 19. Qb3 Rdc8 20. Rxc4 dxc4
21. Qc3 Bc6 22. Nf4 Bxg2 23. Kxg2 Ne4 24. Qc2 Qc6 25. f3 Ng5 26. e4 f6 27. d5 Qb6 28. Bc3 e5 29. Ng6 Bd6 30. h4 Nf7
31. Qf2 Qc7 32. f4 exf4 33. gxf4 Re8 34. e5 fxe5 35. fxe5 Bxe5 36. h5 Qb8 37. Nxe5 Nxe5 38. Qf4 Nd3 39. Qxb8 Rxb8 40. Re7 Nf4+
41. Kh2 Nxh5 42. d6 Rd8 43. Be5 c3 44. Bxc3 Rxd6 45. Be5 Rd3 46. Ra7 Rxa3 47. Bd6 Kh7 48. Bc5 Ra4 49. Kh3 Kg6 50. Kh4 Nf4
51. Kg4 Ne6 52. Bd6 Nd4 53. Be5 Nf5 54. Bc3 Ra3 55. Be1 Ne3+ 56. Kf4 Ng2+
0-1

[Event "KIA is it really a store?  #4"]
[Site "SchemingMind.com"]
[Date "2007.05.08"]
[Round "-"]
[White "nimzoking"]
[Black "trashy"]
[Result "0-1"]
[WhiteCountry "ENG"]
[BlackCountry "POR"]
[WhiteElo "2027"]
[WhiteRD "88"]
[BlackElo "2028"]
[BlackRD "96"]
[GameID "104267"]

1. Nf3 d5 2. g3 Nf6 3. Bg2 e6 4. O-O Be7 5. d3 O-O 6. Nbd2 c5 7. c3 Nc6 8. Re1 b6 9. e4 dxe4 10. Nxe4 Nxe4
11. Rxe4 Bb7 12. Bf4 Bf6 13. Re1 Qd7 14. Ng5 Rad8 15. Qa4 Ne7 16. Qxd7 Rxd7 17. Bxb7 Rxb7 18. Rad1 Rd7 19. Kf1 Rfd8 20. Re3 Bxg5
21. Bxg5 f6
0-1

[Event "KIA is it really a store?  #4"]
[Site "SchemingMind.com"]
[Date "2007.05.08"]
[Round "-"]
[White "martin_"]
[Black "trashy"]
[Result "0-1"]
[WhiteCountry "GER"]
[BlackCountry "POR"]
[WhiteElo "1560"]
[WhiteRD "66"]
[BlackElo "2028"]
[BlackRD "96"]
[GameID "104268"]

1. Nf3 d5 2. g3 Nf6 3. Bg2 e6 4. O-O Be7 5. d4 O-O 6. Nc3 b6 7. Bg5 Bb7 8. Ne5 Nbd7 9. Nxd7 Qxd7 10. Re1 Rad8
11. e3 c5 12. dxc5 bxc5 13. Bxf6 Bxf6 14. Ne2 Bxb2 15. Rb1 Bf6 16. Nf4 Bc3 17. Rf1 Ba6 18. Re1 Bxe1
0-1

[Event "KIA is it really a store?  #4"]
[Site "SchemingMind.com"]
[Date "2007.05.11"]
[Round "-"]
[White "David Hartley"]
[Black "cnbcad"]
[Result "1-0"]
[WhiteCountry "ENG"]
[BlackCountry "USA"]
[WhiteElo "1880"]
[WhiteRD "81"]
[BlackElo "1507"]
[BlackRD "51"]
[GameID "104454"]

1. Nf3 d5 2. g3 Bg4 3. Bg2 c5 4. O-O Nc6 5. d3 e5 6. Nbd2 d4 7. c3 Nf6 8. Qb3 Be7 9. Qxb7 Na5 10. Qb5+ Bd7
11. Qa6 O-O 12. Nc4 Nxc4 13. Qxc4 Qa5 14. Nxe5 Be6 15. Nc6 Bxc4 16. Nxa5 Bd5 17. cxd4 cxd4 18. Bg5 Bxg2 19. Kxg2 h6 20. Nc6 hxg5
21. Nxe7+ Kh8 22. Nc6 g6 23. Nxd4 Kg7 24. Rfc1 Rab8 25. Rc2 Nd5 26. a3 Nb6 27. Rc7 Nd5 28. Rxa7 Rxb2 29. Ne6+ Kg8 30. Nxf8 Kxf8
31. e3 Nxe3+ 32. Kf3 Nc2 33. Rd1 Nd4+ 34. Kg2 Nf5 35. Kf1 Nd4 36. Rc1 g4 37. Ra4 Nb3 38. Rd1 Nd2+ 39. Kg2 Nf3 40. Rxg4 Ne5
41. Re4 f6 42. d4 Nc4 43. d5 Rc2 44. d6 f5 45. Re7 f4 46. d7 Ne3+ 47. Kf3
1-0

[Event "KIA is it really a store?  #4"]
[Site "SchemingMind.com"]
[Date "2007.05.11"]
[Round "-"]
[White "David Hartley"]
[Black "Araki"]
[Result "1/2-1/2"]
[WhiteCountry "ENG"]
[BlackCountry "PER"]
[WhiteElo "1915"]
[WhiteRD "82"]
[BlackElo "1586"]
[BlackRD "85"]
[GameID "104455"]

1. Nf3 d5 2. g3 c5 3. d3 Nc6 4. Nbd2 e5 5. Bg2 Bd6 6. e4 Nf6 7. exd5 Nxd5 8. O-O Bg4 9. Qe1 O-O 10. h3 Bh5
11. Nc4 Ndb4 12. Qd2 b5 13. Nxd6 Qxd6 14. Re1 f6 15. a3 Bxf3 16. axb4 Bxg2 17. Kxg2 cxb4 18. c3 a5 19. Qd1 bxc3 20. bxc3 b4
21. Qb3+ Kh8 22. cxb4 Qxb4 23. Qxb4 axb4 24. Bd2 Nd4 25. Bxb4 Nc2 26. Bxf8 Rxa1 27. Rxa1 Nxa1 28. Kf3 Kg8 29. Bc5 Nb3 30. Ba7 Kf7
31. Ke4 Ke6 32. d4 f5+ 33. Ke3 g5 34. dxe5 Kxe5 35. Bb8+ Kd5 36. f4 h6 37. fxg5 hxg5 38. g4 fxg4 39. hxg4=
1/2-1/2

[Event "KIA is it really a store?  #4"]
[Site "SchemingMind.com"]
[Date "2007.05.11"]
[Round "-"]
[White "David Hartley"]
[Black "trashy"]
[Result "0-1"]
[WhiteCountry "ENG"]
[BlackCountry "POR"]
[WhiteElo "1892"]
[WhiteRD "75"]
[BlackElo "2074"]
[BlackRD "98"]
[GameID "104456"]

1. Nf3 d5 2. g3 Nf6 3. Bg2 e6 4. d3 c5 5. O-O Nc6 6. Nbd2 Be7 7. e4 O-O 8. Re1 Qc7 9. e5 Nd7 10. Qe2 Rb8
11. h4 b5 12. Nf1 Bb7 13. Bf4 Rfc8 14. Ne3 Nd4 15. Nxd4 cxd4 16. Nxd5 Bxd5 17. Bxd5 Qxc2 18. Bb3 Qxe2 19. Rxe2 Rc7 20. Rc1 Rbc8
21. Rxc7 Rxc7 22. Re4 Bc5 23. Bd2 Bb6 24. Bb4 a5 25. Bd6 Rc1+ 26. Kg2 a4 27. Bxe6 fxe6 28. Re2 Bc7 29. b3 axb3 30. axb3 Rc3
31. b4 Kf7 32. Bxc7 Rxc7 33. Kf3 Rc3 34. Ke4 Rb3 35. Kxd4 Rxb4+ 36. Kc3 Ra4 37. d4 Nb6 38. Rb2 Nd5+ 39. Kd3 Rb4 40. Rc2 Rb1
41. Rc8 Rb2 42. Rb8 Rxf2 43. Rxb5 Rf3+ 44. Ke4 Re3#
0-1

[Event "KIA is it really a store?  #4"]
[Site "SchemingMind.com"]
[Date "2007.05.11"]
[Round "-"]
[White "David Hartley"]
[Black "nimzoking"]
[Result "1/2-1/2"]
[WhiteCountry "ENG"]
[BlackCountry "ENG"]
[WhiteElo "1925"]
[WhiteRD "80"]
[BlackElo "2046"]
[BlackRD "87"]
[GameID "104457"]

1. Nf3 d5 2. g3 Nf6 3. Bg2 c5 4. d3 e6 5. O-O Be7 6. Nbd2 Nbd7 7. e4 dxe4 8. Nxe4 Nxe4 9. dxe4 O-O 10. e5 Qc7
11. Re1 Rd8 12. Qe2 Rb8 13. h4 b6 14. Bf4 Bb7 15. Ng5 Bxg2 16. Kxg2 Nf8 17. Qg4 Bxg5 18. Bxg5 Rd4 19. Qh5 Ng6 20. Qe2 Rd5
21. f4 h6 22. h5 Nxe5 23. Bxh6 Qc6 24. Kh3 Nd3 25. Bxg7 Nxe1 26. Bf6 Rxh5+= 27. Qxh5 Qg2+ 28. Kg4 Qe2+ 29. Kg5 Nf3+ 30. Kh6 Kf8
31. Rh1 Qxc2 32. Qg4 Nd4 33. Qg7+ Ke8 34. Qg8+ Kd7 35. Qxf7+ Kc6 36. Bxd4 cxd4 37. Qxe6+ Kb7 38. Qd5+=
1/2-1/2

[Event "KIA is it really a store?  #4"]
[Site "SchemingMind.com"]
[Date "2007.05.11"]
[Round "-"]
[White "David Hartley"]
[Black "martin_"]
[Result "1-0"]
[WhiteCountry "ENG"]
[BlackCountry "GER"]
[WhiteElo "1881"]
[WhiteRD "88"]
[BlackElo "1630"]
[BlackRD "76"]
[GameID "104458"]

1. Nf3 d5 2. g3 c5 3. Bg2 Nc6 4. d3 Nf6 5. Nbd2 e5 6. e4 d4 7. O-O Be7 8. Nc4 b5 9. Ncxe5 Nxe5 10. Nxe5 O-O
11. Nc6 Qc7 12. Nxe7+ Qxe7 13. e5
1-0

[Event "KIA is it really a store?  #4"]
[Site "SchemingMind.com"]
[Date "2007.05.11"]
[Round "-"]
[White "cnbcad"]
[Black "David Hartley"]
[Result "0-1"]
[WhiteCountry "USA"]
[BlackCountry "ENG"]
[WhiteElo "1565"]
[WhiteRD "51"]
[BlackElo "1915"]
[BlackRD "82"]
[GameID "104459"]

1. Nf3 d5 2. g3 c5 3. Bg2 Nc6 4. e3 e6 5. d4 Nf6 6. dxc5 Bxc5 7. c3 a5 8. O-O O-O 9. b4 axb4 10. Qd3 bxc3
11. Nxc3 b6 12. Qc2 Bd7 13. e4 d4 14. e5 dxc3 15. exf6 Qxf6 16. Ng5 g6 17. Qa4 Rxa4
0-1

[Event "KIA is it really a store?  #4"]
[Site "SchemingMind.com"]
[Date "2007.05.11"]
[Round "-"]
[White "Araki"]
[Black "David Hartley"]
[Result "0-1"]
[WhiteCountry "PER"]
[BlackCountry "ENG"]
[WhiteElo "1586"]
[WhiteRD "85"]
[BlackElo "1915"]
[BlackRD "82"]
[GameID "104460"]

1. Nf3 d5 2. g3 c5 3. Bg2 e6 4. d4 Nc6 5. O-O Nf6 6. Bg5 cxd4 7. Nxd4 Be7 8. Nc3 Qb6 9. Nxc6 bxc6 10. Na4 Qc7
11. c3 Bd7 12. Bxf6 Bxf6 13. Nc5 Bc8 14. e4 O-O 15. Re1 Rd8 16. exd5 cxd5 17. Nd3 Rb8 18. Rb1 Ba6 19. Nb4 Bc4 20. Bf1 a5
21. Nd3 Bxa2 22. Ra1 Bc4 23. Nc1 Rxb2 24. Nd3 Bxd3 25. Bxd3 Qxc3 26. Rc1 Qb3 27. Bc2 Qb6 28. Qd3 g6 29. h4 a4 30. Kg2 Ra8
31. h5 a3 32. hxg6 fxg6 33. Rh1 Qa7 34. Rh3 Rc8 35. g4 a2 36. Rch1 Rcxc2 37. Rf3 Rxf2+ 38. Rxf2 Qxf2+ 39. Kh3 Qg2#
0-1

[Event "KIA is it really a store?  #4"]
[Site "SchemingMind.com"]
[Date "2007.05.12"]
[Round "-"]
[White "trashy"]
[Black "David Hartley"]
[Result "1-0"]
[WhiteCountry "POR"]
[BlackCountry "ENG"]
[WhiteElo "2074"]
[WhiteRD "98"]
[BlackElo "1892"]
[BlackRD "75"]
[GameID "104461"]

1. Nf3 d5 2. g3 c5 3. d3 e6 4. Nbd2 Nc6 5. Bg2 Nf6 6. O-O Be7 7. e4 O-O 8. c3 b5 9. Qc2 Qc7 10. Re1 a5
11. exd5 exd5 12. Nf1 Be6 13. Bf4 Bd6 14. Bg5 Nd7 15. Rad1 Rac8 16. d4 c4 17. Nh4 Be7 18. Bf4 Bd6 19. Bxd6 Qxd6 20. Nf5 Bxf5
21. Qxf5 Ne7 22. Qg5 Nf6 23. Re2 h6 24. Qe5 Qxe5 25. dxe5 Ne4 26. Bxe4 dxe4 27. Rxe4 Rcd8 28. Red4 Nc6 29. Rxd8 Rxd8 30. Rxd8+ Nxd8
31. Ne3 g6 32. a4 b4 33. Nxc4 bxc3 34. bxc3 Ne6 35. Nxa5 Nc5 36. f4 Nxa4 37. c4 Nc5 38. Kf2 f6 39. exf6 Kf7 40. Ke3 Kxf6
41. Kd4 Na6 42. Kd5 Kf5 43. h3 h5 44. Nb3 h4 45. Nd4+ Kf6 46. g4 g5 47. f5 Nb4+ 48. Kd6 Nd3 49. c5
1-0

[Event "KIA is it really a store?  #4"]
[Site "SchemingMind.com"]
[Date "2007.05.12"]
[Round "-"]
[White "nimzoking"]
[Black "David Hartley"]
[Result "1-0"]
[WhiteCountry "ENG"]
[BlackCountry "ENG"]
[WhiteElo "2027"]
[WhiteRD "88"]
[BlackElo "1915"]
[BlackRD "82"]
[GameID "104462"]

1. Nf3 d5 2. g3 c5 3. Bg2 e6 4. O-O Nc6 5. d3 Nf6 6. Bg5 Be7 7. Re1 O-O 8. c4 dxc4 9. dxc4 Qxd1 10. Rxd1 Rb8
11. a3 Rd8 12. Nc3 e5 13. Nd5 Kf8 14. Nxe7 Kxe7 15. Rxd8 Kxd8 16. Be3 Be6 17. b3 Nd4 18. Rd1 Ng4 19. h3 e4 20. Nxd4 Nxe3
21. Nxe6+ Ke7 22. fxe3 Kxe6 23. Bxe4 h6 24. Kf2 b6 25. Kf3 a6 26. Bd5+ Kf6 27. h4 g5 28. hxg5+ hxg5 29. Kg4 Rg8 30. Be4 Ke7
31. Bf5 b5 32. Rd7+ Kf6 33. e4 bxc4 34. bxc4 Rb8 35. Rd6+ Ke5 36. Rd5+
1-0

[Event "KIA is it really a store?  #4"]
[Site "SchemingMind.com"]
[Date "2007.05.11"]
[Round "-"]
[White "martin_"]
[Black "David Hartley"]
[Result "0-1"]
[WhiteCountry "GER"]
[BlackCountry "ENG"]
[WhiteElo "1442"]
[WhiteRD "61"]
[BlackElo "1925"]
[BlackRD "80"]
[GameID "104463"]

1. Nf3 d5 2. g3 c5 3. Bg2 e6 4. O-O Nc6 5. e3 Nf6 6. Nc3 Be7 7. d4 O-O 8. Re1 cxd4 9. Nxd4 Bd7 10. e4 Nxd4
11. Qxd4 dxe4 12. Nxe4 Qc8 13. c3 Bc6 14. Nxf6+ Bxf6 15. Qd6 Rd8 16. Qc5 Bxg2 17. Qxc8 Raxc8 18. Kxg2 b5 19. Be3 a6 20. Rad1 Kf8
21. b4 Rxd1 22. Rxd1 Rxc3 23. Bc5+ Ke8 24. Bb6 Be7 25. h3 Ra3 26. Rd2 Ra4
0-1